000 00534nam a2200205Ia 4500
999 _c185
_d185
003 0100
008 130227s9999 xx 000 0 und d
040 _cARRUPELIB
050 _aDT471.O7
100 _aOssendowski, Ferdinand Antoni
_930519
245 _aSlaves of the sun
260 _bGeorge Allen & Unwin
_aLondon
_c1928
300 _a378p
300 _b 21cm
650 _bAfrica, West
_xSocial life & customs
_930520
650 _bAfrica, West
_xDescription & travel
_930521
700 _aStevens, H.C. (tr)
_930522
942 _2lcc
_cMONOGRAPH